| 000 | 00884nam a2200265 a 4500 | ||
|---|---|---|---|
| 001 | 26063 | ||
| 003 | CO-ViMGA | ||
| 008 | 141112s2004 ck r 000 u spa d | ||
| 015 | _aNNN | ||
| 020 | _a970076012X | ||
| 035 | _a(Sirsi) 137389 | ||
| 040 |
_aCO-ViMGA _bspa _cCO-ViMGA |
||
| 082 | 0 | 4 | _a340.01 V45 |
| 100 | 1 |
_aVilloro Toranzo, Miguel _940684 |
|
| 245 | 1 | 0 |
_aTeoria general del derecho : _blo que es, su metodo / _cMiguel Villoro Toranzo |
| 250 | _a7a. ed. | ||
| 260 |
_aPorrua , _c2012 |
||
| 300 | _a171 p. | ||
| 504 | _aIncluye referencias bibliográficas : 98 | ||
| 596 | _a2 | ||
| 650 | 1 | 4 |
_aTeoria del derecho _915075 |
| 926 | _aB - GENERAL COL - GRAL - 3 340.01 V45 LIBRO 1 | ||
| 942 |
_2ddc _cBK |
||
| 949 | _a340.01 V45 DEWEY 1 80000002904020 02/08/1999 04/03/1999 LIBRO COLEC - GRAL COLEC - GRAL B - GENERAL .NOTE. Proveedor : Fac. Ciencias Juridicas DONACION | ||
| 999 |
_c33290 _d33290 |
||